000 00920nam a2200265 i 4500
003 DO-SdBNP
005 20250730103215.0
007 ta
008 250730b2010 dr ||||| |||| 00| 0 spa d
040 _aDO-SdBNP
_bspa
_cBNPHU
_erda
041 _aspa
082 4 _a342.729302
_bR426co, 2010
_222
110 1 _aRepública Dominicana
_bAsamblea Nacional de la República Dominicana
_977090
245 1 0 _aConstitución Dominicana /
_bpresentación, Reinaldo Pared Pérez
264 1 _aSanto Domingo :
_bAsamblea Nacional de la República Dominicana,
_c2010.
300 _a186 páginas ;
_b23 cm.
336 _atxt
_brda
_2rdacontent
337 _asin mediación
_bn
_2rdamedia
338 _avolumen
_bnc
_2rdacarrier
590 _aInventariado 2025/BT
651 4 _aRepública Dominicana
_xDerecho Constitucional
_99303
700 1 _aPared Pérez, Reinaldo,
_epresentación
_912717
910 _aBtavárez
942 _2ddc
_cLBS1
999 _c59682
_d59682